Nová zlatnícka expozícia vo Východoslovenskom múzeu v Košiciach

Bibliographic Details
Main Author: Kejlová, Viera (Author)
Format: Article
Language:Slovak
PhysicalDescription:Obr. 2.
Subjects:

MARC

LEADER 00000nab a2200000 a 4500
001 vtls000212840
003 SK-MaSNL
005 20260304000848.0
008 111202c1984 xo 0 slo
015 |a SNBRA19rr/mm-uuuuu 
035 |a CL0222954 
040 |a SNKBUCL  |b slo  |c SNKBUCL  |e AACR2 
041 0 |a slo 
044 |a xo  |c SK 
080 |a 739.1"12-19":069.5  |2 1981 
080 |a 069.5  |2 1981 
080 |a 904  |2 1981 
100 1 |a Kejlová, Viera  |4 aut  |9 970929 
245 1 0 |a Nová zlatnícka expozícia vo Východoslovenskom múzeu v Košiciach  |c Viera Kejlová 
300 |b Obr. 2. 
610 2 7 |a Východoslovenské múzeum  |2 snkbucl  |9 29561 
650 0 7 |a zlatníctvo  |2 snkbucl  |9 29803 
651 7 |a 5403  |2 snkbucl  |9 893808 
655 7 |a články zo zborníkov  |2 snkbucl  |9 166140 
773 0 |t Historica carpatica 15  |d Košice : Východoslovenské vyd., 1984  |g S. 291-295 
850 |a Slovenská národná knižnica v Martine  |a MTA001 
852 |a SNK  |b KIS3GCP 
958 |a RK 
992 |a RZB 
999 |c 2533475  |d 2535405